| 000 | 00692cac a22002171u 4500 | ||
|---|---|---|---|
| 008 | 090119s2007ohu|||||r|||| 001 0 eng d | ||
| 010 | _a 99012837 | ||
| 020 | _a9780324376067 (student ed.) | ||
| 020 | _a0324376065 | ||
| 035 | _a(DLC) 99012837 | ||
| 082 | 0 | 0 |
_a658.1511 _bHAN _222 |
| 100 |
_92229 _aHansen, Don R. |
||
| 245 | 1 | 0 |
_aManagerial Accounting / _cDon R. Hansen, Maryanne M. Mowen. |
| 250 | _aInternational ed., 8th ed. | ||
| 260 |
_aNew York : _bThomson South Western, 2007 _c2007. |
||
| 300 |
_axix, 874p. : _bill. ; _c29 cm. |
||
| 500 | _aIncludes index. | ||
| 650 | 0 |
_aManagerial accounting. _912224 |
|
| 700 | 1 |
_aMowen, Maryanne M. _92230 |
|
| 942 |
_cBB _k658.1511 HAN _2ddc |
||
| 999 |
_c10992 _d10992 |
||